000 00697nam a2200229Ia 4500
003 OSt
005 20251113105047.0
008 210210b2012 xxu||||| |||| 00| 0 eng d
020 _a9788192586502
040 _cAL
041 _aKannada
082 _aK894.3 RAVG
100 _aRAVINDRANATHA TAGORE
_d ರವೀಂದ್ರನಾಥ ಟಾಗೋರ್
_9153647
245 _aGora
_bಗೋರಾ
260 _aBengaluru
_bSarasvati Prakashana
_c2012
300 _axii,506
650 _aRabindranath Tagore
_9153648
690 _aKannada Fiction
_9153649
700 _aTr by Ganesha Sharma ಆನುವಾದ : ಗಣೇಶ್ ಶರ್ಮಾ
_9153650
906 _a067342
942 _2ddc
_cBK
999 _c149672
_d149672